Southville International School and Colleges
Your cart is empty.
  • Cart
  • Lists
    Public lists Eva Luna New books Lux_list list_1
    Your lists Log in to create your own lists
  • Log in to your account
  • Your cookies
  • Search history
Southville International School and Colleges
  • Advanced search
  • Recent comments
  • Most popular
  • Libraries

Log in to your account

Log in with GOOGLE


If you do not have an external account, but do have a local account, you can still log in:

  1. Home
  2. MARC view: The Canterbury tales /
Normal view MARC view ISBD view

The Canterbury tales / (Record no. 10103)

[ view plain ]
MARC details
000 -LEADER
fixed length control field 00668nam a22002297a 4500
003 - CONTROL NUMBER IDENTIFIER
control field OSt
005 - DATE AND TIME OF LATEST TRANSACTION
control field 20140310182156.0
008 - FIXED-LENGTH DATA ELEMENTS--GENERAL INFORMATION
fixed length control field 130831t xxu||||| |||| 00| 0 eng d
020 ## - INTERNATIONAL STANDARD BOOK NUMBER
International Standard Book Number 0198312938
020 ## - INTERNATIONAL STANDARD BOOK NUMBER
International Standard Book Number 978019831932
050 ## - LIBRARY OF CONGRESS CALL NUMBER
Classification number PR 1865
Item number .C229 1999
082 ## - DEWEY DECIMAL CLASSIFICATION NUMBER
Classification number HS 822.914
Item number C39 1998
100 ## - MAIN ENTRY--PERSONAL NAME
Personal name Chaucer, Geoffrey
9 (RLIN) 3707
245 ## - TITLE STATEMENT
Title The Canterbury tales /
Statement of responsibility, etc Geoffrey Chaucer ; adapted by Martin Riley.
260 ## - PUBLICATION, DISTRIBUTION, ETC. (IMPRINT)
Place of publication, distribution, etc Oxford :
Name of publisher, distributor, etc Oxford University Press,
Date of publication, distribution, etc c 1998.
300 ## - PHYSICAL DESCRIPTION
Extent 112 p. ;
Other physical details ill. ;
Dimensions 22 cm.
650 ## - SUBJECT ADDED ENTRY--TOPICAL TERM
Topical term or geographic name as entry element Drama, English
9 (RLIN) 15977
650 ## - SUBJECT ADDED ENTRY--TOPICAL TERM
Topical term or geographic name as entry element Tales, Medieval
9 (RLIN) 15978
650 ## - SUBJECT ADDED ENTRY--TOPICAL TERM
Topical term or geographic name as entry element Drama, Medieval
9 (RLIN) 15979
942 ## - ADDED ENTRY ELEMENTS (KOHA)
Source of classification or shelving scheme Library of Congress Classification
Holdings
Withdrawn status Lost status Source of classification or shelving scheme Damaged status Home library Current library Shelving location Date acquired Total Checkouts Full call number Barcode Date last seen Copy number Price effective from Koha item type
    Library of Congress Classification   Luxembourg Library Luxembourg Library High School Section 08/31/2013   PR 1865 .C229 1999 8537 03/07/2016 1 08/31/2013 Books

The Canterbury tales /

APA

Chaucer G., . (1998). The Canterbury tales. Oxford: Oxford University Press.

Chicago

Chaucer Geoffrey, . 1998. The Canterbury tales. Oxford: Oxford University Press.

Harvard

Chaucer G., . (1998). The Canterbury tales. Oxford: Oxford University Press.

MLA

Chaucer Geoffrey, . The Canterbury tales. Oxford: Oxford University Press. 1998.

  • Place hold
  • Print
  • Cite
  • Add to your cart (remove)
  • Save record
    BIBTEX Dublin Core MARCXML MARC (non-Unicode/MARC-8) MARC (Unicode/UTF-8) MARC (Unicode/UTF-8, Standard) MODS (XML) RIS
  • More searches
    Search for this title in:
    Other Libraries (WorldCat) Other Databases (Google Scholar) Online Stores (Bookfinder.com) Open Library (openlibrary.org)

Exporting to Dublin Core...

SOUTHVILLE LIBRARY

Southville International School and Colleges Library

1281 Tropical Ave. Cor. Luxembourg St., BF Homes International, Las Pinas City

Tel. No. 8256374 / 252358 Loc. 117/146

Powered by Koha